000 00464cam a2200181ua 4500
020 _c3.00
041 _amal
_h
082 _a894.812308
_bRAM/VE
100 _aRamakrishnan, Malayattoor .
245 _aVerukal /
_cMalayattoor Ramakrishnan.
_hTextual Documents
250 _a1 /
_b.
260 _aKottayam :
_bSahitya Pravarthaka Co-operative Society ,
_c1969.
300 _a186 ; .
365 _a3.00
504 _a
942 _cBK
999 _c152
_d152